Equipes participantes da CONCACAF Champions League 2022 - Statistics

Estatísticas Gerais
  • Esse quiz foi jogado 27 vezes
  • A pontuação média é 9 de 16
Estatísticas das Respostas
Cidade Estádio Time % Correto
Seattle, EUA Lumen Field Seattle Sounders
100%
León, México León León
86%
Nova York, EUA Yankee New York City
82%
Montreal, Canadá Saputo Montréal
77%
Cidade do México Azteca Cruz Azul
73%
San José, Costa Rica Ricardo Saprissa Aymá Saprissa
73%
Cidade do México Olimpico Universitario Universidad Nacional
59%
Cidade da Guatemala Doroteo Guamuch Flores Comunicaciones
50%
Guastatoya, Guatemala David Cordón Hichos Guastatoya
50%
Guápiles, Costa Rica Ebal Rodríguez Santos de Guápiles
45%
Torreón, México TSM Corona Santos Laguna
41%
Tegucigalpa, Honduras Nacional Motagua
32%
Foxborough, EUA Gillette New England Revolution
27%
Dufort, Haiti Parc Julia Vilbon Cavaly
23%
Commerce City, EUA DSG Park Colorado Rapids
23%
Hamilton, Canadá Tim Hortons Field Forge
18%
Nenhum quiz correspondente encontrado
Distribuição das Pontuações
Porcentagem de Pessoas com Cada Pontuação
Percentil de Números Respondidos
Sua Pontuação Histórica
Você não jogou esse quiz